000 00665nam a2200229Ia 4500
001 8989
003 GE_BSU
008 181216s||||||||xx |||||||||||||| ||und||
040 _cGE_BSU
080 _a821.353.1–1
100 _aკილასონია,ნაზი
245 _aგზაფერადი
245 _bლექსები
245 _cრედ.ც.ქაროსანიძე,მხატვ. გ.ლონტი
260 _aთბილისი
260 _bმერანი
260 _c1972
300 _a117გვ.16სმ.
653 _aგზაფერადი
653 _aლექსები
942 _cBK
999 _c42294
_d42294